Náhrada nemajetkovej ujmy pozostalých pri smrteľnej dopravnej nehode
Žaloby smerované voči vodičom, ktorí zavinia dopravnú nehodu a snaha zatiahnuť do procesu náhrady nemajetkovej ujmy z PZP aj poisťovateľa, u ktorého je motorové vozidlo poistené.
Uložené v:
| Hlavný autor: | |
|---|---|
| Médium: | Kapitola |
| Jazyk: | Slovak |
| Predmet: | |
| Tagy: |
Žiadne tagy, Buďte prvý, kto otaguje tento záznam!
|
MARC
| LEADER | 00000naa a2200000 4500 | ||
|---|---|---|---|
| 001 | 0191977 | ||
| 005 | 20221020085752.2 | ||
| 041 | 0 | |a slo | |
| 044 | |a SK | ||
| 245 | 1 | 0 | |a Náhrada nemajetkovej ujmy pozostalých pri smrteľnej dopravnej nehode |c Imrich Fekete |
| 520 | |a Žaloby smerované voči vodičom, ktorí zavinia dopravnú nehodu a snaha zatiahnuť do procesu náhrady nemajetkovej ujmy z PZP aj poisťovateľa, u ktorého je motorové vozidlo poistené. | ||
| 610 | 2 | 0 | |a poisťovníctvo |
| 610 | 2 | 0 | |a poisťovatelia |
| 610 | 2 | 0 | |a poistenie havarijné |
| 610 | 2 | 0 | |a poistenie zmluvné |
| 610 | 2 | 0 | |a udalosti poistné |
| 610 | 2 | 0 | |a nehody dopravné |
| 610 | 2 | 0 | |a náhrada poistná |
| 100 | 1 | |a Fekete, Imrich | |